| 000 | nam a22 7a 4500 | ||
|---|---|---|---|
| 999 |
_c30297 _d30297 |
||
| 008 | 190515b xxu||||| |||| 00| 0 eng d | ||
| 050 |
_aQC 903.3 _b.C55 |
||
| 245 |
_aClimate governance in africa: _bA Handbook for Journalists / _cKudzai Makombe. |
||
| 260 |
_aSouth Africa : _bInter Press Service Africa, |
||
| 300 |
_aii,56p.: _bill.(col.); _c24cm. |
||
| 504 | _ainclude bibliographic references. | ||
| 650 | _aClimatic changes. | ||
| 942 |
_2lcc _cBOOKS _hQC 903.3 .C55 |
||